[Event "Wroclaw op-B"]
[Site "Wroclaw"]
[Date "2024.08.12"]
[Round "6"]
[White "Spytek, Hubert"]
[Black "Romero Barkouk, Rayan"]
[Result "1/2-1/2"]
[WhiteElo "1760"]
[BlackElo "1841"]
[PlyCount "32"]
[EventDate "2024.08.08"]
[EventType "swiss"]
[EventRounds "9"]
[EventCountry "POL"]
[SourceTitle "EXT 2025"]
[Source "ChessBase"]
[SourceDate "2024.10.14"]
[SourceVersion "1"]
[SourceVersionDate "2024.10.14"]
[SourceQuality "1"]

1. d4 d5 2. c4 e6 3. Nc3 Nf6 4. Bg5 Be7 5. Nf3 0-0 6. e3 h6 7. Bh4 Ne4 8. Bxe7 Qxe7 9. cxd5 Nxc3 10. bxc3 exd5 11. h3 Nd7 12. Bd3 b6 13. 0-0 Bb7 14. Bc2 a5 15. Re1 Rfe8 16. Qd3 Nf6 1/2-1/2

[Event "Wroclaw op-B"]
[Site "Wroclaw"]
[Date "2024.08.10"]
[Round "4"]
[White "Romero Barkouk, Rayan"]
[Black "Bes, Michal"]
[Result "1/2-1/2"]
[WhiteElo "1841"]
[BlackElo "2031"]
[PlyCount "60"]
[EventDate "2024.08.08"]
[EventType "swiss"]
[EventRounds "9"]
[EventCountry "POL"]
[SourceTitle "EXT 2025"]
[Source "ChessBase"]
[SourceDate "2024.10.14"]
[SourceVersion "1"]
[SourceVersionDate "2024.10.14"]
[SourceQuality "1"]

1. e4 c6 2. Nc3 d5 3. Nf3 Bg4 4. h3 Bxf3 5. Qxf3 e6 6. d3 Nd7 7. g3 Ngf6 8. Bg2 Bc5 9. 0-0 0-0 10. Re1 Qc7 11. Bf4 e5 12. Bd2 dxe4 13. Nxe4 Nxe4 14. dxe4 Rfd8 15. Rad1 Nf8 16. Be3 Qb6 17. Bxc5 Qxc5 18. Rxd8 Rxd8 19. Rd1 Rd6 20. c3 h6 21. Bf1 Rxd1 22. Qxd1 b5 23. Qd2 Qe7 24. h4 g5 25. hxg5 hxg5 26. Bh3 Kg7 27. Bf5 Kf6 28. Qd1 Kg7 29. Kg2 Ng6 30. a3 a5 1/2-1/2

[Event "Jeddah Karpov Cup"]
[Site "Jeddah"]
[Date "2024.01.27"]
[Round "5"]
[White "Romero Barkouk, Rayan"]
[Black "Robledo Sanchez, Saul"]
[Result "1/2-1/2"]
[WhiteElo "1868"]
[BlackElo "2000"]
[PlyCount "69"]
[EventDate "2024.01.24"]
[EventType "swiss"]
[EventRounds "9"]
[EventCountry "SAU"]
[SourceTitle "CBM 218 Extra"]
[Source "ChessBase"]
[SourceDate "2024.03.31"]
[SourceVersion "1"]
[SourceVersionDate "2024.03.31"]
[SourceQuality "1"]

1. e4 e5 2. Nf3 Nc6 3. Bb5 a6 4. Ba4 Nf6 5. Qe2 b5 6. Bb3 Be7 7. c3 d6 8. h3 0-0 9. 0-0 Na5 10. Bc2 c5 11. d3 h6 12. Rd1 Nc6 13. Nbd2 Nh7 14. Nf1 Rb8 15. Ne3 Ng5 16. Nxg5 Bxg5 17. f3 Be6 18. Kh2 Ne7 19. g3 Rb7 20. Ng2 Bxc1 21. Rdxc1 Qd7 22. h4 f5 23. Bb3 Kh8 24. Bxe6 Qxe6 25. Rf1 g5 26. f4 exf4 27. gxf4 g4 28. Rae1 Ng6 29. exf5 Qxf5 30. Qe4 Rbf7 31. Qxf5 Rxf5 32. Kg3 h5 33. Re6 R8f6 34. Rxf6 Rxf6 35. Re1 1/2-1/2

[Event "Jeddah Karpov Cup"]
[Site "Jeddah"]
[Date "2024.01.26"]
[Round "4"]
[White "Garijo Perez, Hugo"]
[Black "Romero Barkouk, Rayan"]
[Result "1/2-1/2"]
[WhiteElo "2270"]
[BlackElo "1868"]
[PlyCount "66"]
[EventDate "2024.01.24"]
[EventType "swiss"]
[EventRounds "9"]
[EventCountry "SAU"]
[SourceTitle "CBM 218 Extra"]
[Source "ChessBase"]
[SourceDate "2024.03.31"]
[SourceVersion "1"]
[SourceVersionDate "2024.03.31"]
[SourceQuality "1"]

1. e4 c5 2. Nf3 e6 3. c3 Nc6 4. d4 d5 5. exd5 Qxd5 6. Be2 Nf6 7. 0-0 cxd4 8. cxd4 Be7 9. Nc3 Qd7 10. Bf4 a6 11. Qa4 0-0 12. Rad1 b5 13. Qc2 Nb4 14. Qb3 Qa7 15. Ne5 Bb7 16. Bg5 Rad8 17. a4 bxa4 18. Qxa4 Nbd5 19. Bf3 Rc8 20. Nxd5 Bxd5 21. Bxf6 Bxf3 22. gxf3 Bxf6 23. Nd7 Rfd8 24. Nxf6+ gxf6 25. d5 Qb7 26. dxe6 fxe6 27. Qf4 Qxb2 28. Rde1 Kf7 29. Qe4 Rg8+ 30. Kh1 Qb3 31. Re3 Qd5 32. Qxh7+ Rg7 33. Qh3 Rcg8 1/2-1/2

[Event "Sueca op 6th"]
[Site "Sueca"]
[Date "2022.07.27"]
[Round "3"]
[White "Bertomeu Ginestar, Antoni"]
[Black "Romero Barkouk, Rayan"]
[Result "1/2-1/2"]
[WhiteElo "1915"]
[BlackElo "1492"]
[PlyCount "80"]
[EventDate "2022.07.25"]
[EventType "swiss"]
[EventRounds "9"]
[EventCountry "ESP"]
[SourceTitle "CBM 209 Extra"]
[Source "ChessBase"]
[SourceDate "2022.09.30"]
[SourceVersion "1"]
[SourceVersionDate "2022.09.30"]
[SourceQuality "1"]

1. e4 e6 2. d4 d5 3. Nd2 dxe4 4. Nxe4 Bd7 5. Nf3 Bc6 6. Bd3 Nd7 7. 0-0 Ngf6 8. Ng3 Be7 9. Ne5 Nxe5 10. dxe5 Qd5 11. f3 Qxe5 12. Re1 Bc5+ 13. Kh1 Qd5 14. Qe2 0-0 15. Rd1 Rad8 16. c4 Qd7 17. Bxh7+ Nxh7 18. Rxd7 Rxd7 19. Bf4 Rfd8 20. h3 Nf8 21. Nf1 Ng6 22. Bg5 Be7 23. Bxe7 Nxe7 24. b3 Nf5 25. Rb1 a5 26. Kh2 b6 27. Rb2 Bb7 28. Rd2 Nd4 29. Qf2 c5 30. Kh1 Nc6 31. Re2 Nd4 32. Rb2 Nf5 33. Ne3 Nxe3 34. Qxe3 Rd4 35. Kh2 R8d6 36. Qg5 Bc6 37. Qe7 Rd7 38. Qe8+ Kh7 39. Re2 R4d6 40. Qb8 Rd8 1/2-1/2

[Event "ESP-ch U14"]
[Site "Salobrena"]
[Date "2022.07.18"]
[Round "1"]
[White "Povshednyi, Ivan"]
[Black "Romero Barkouk, Rayan"]
[Result "1-0"]
[WhiteElo "2134"]
[BlackElo "1492"]
[PlyCount "61"]
[EventDate "2022.07.18"]
[EventType "swiss"]
[EventRounds "9"]
[EventCountry "ESP"]
[SourceTitle "EXT 2023"]
[Source "ChessBase"]
[SourceDate "2022.10.05"]
[SourceVersion "1"]
[SourceVersionDate "2022.10.05"]
[SourceQuality "1"]

1. Nf3 Nf6 2. g3 d5 3. Bg2 b6 4. 0-0 Bb7 5. d4 Nbd7 6. Nbd2 e6 7. c4 Be7 8. Qc2 0-0 9. b3 Rc8 10. cxd5 exd5 11. Bb2 c5 12. dxc5 Bxc5 13. Qd1 Re8 14. Nd4 Qe7 15. N2f3 Ba6 16. Qd2 Ne5 17. Nf5 Nxf3+ 18. Bxf3 Qe6 19. Nxg7 Ne4 20. Qf4 Bd6 21. Nxe6 Bxf4 22. Nxf4 Rc2 23. Bxe4 Rxe4 24. Nxd5 Rexe2 25. Nb4 Rxb2 26. Nxa6 Rxa2 27. Nb4 Rab2 28. Rxa7 Rxb3 29. Nc6 Rbb2 30. Re7 Rec2 31. Nd4 1-0